书目信息 |
| 题名: |
工程图学基础教程
|
|
| 作者: | 邱龙辉 , 叶琳 主编 | |
| 分册: | ||
| 出版信息: | 北京 机械工业出版社 2018.09 |
|
| 页数: | 258页 | |
| 开本: | 26cm | |
| 丛书名: | ||
| 单 册: | ||
| 中图分类: | TB23 | |
| 科图分类: | ||
| 主题词: | 工程制图--gong cheng zhi tu--高等教育--教材 | |
| 电子资源: | ||
| ISBN: | 978-7-111-60491-4 | |
| 000 | 01208nam0 2200313 450 | |
| 001 | CAL 0120182582551 | |
| 005 | 20190124164819.5 | |
| 010 | @a978-7-111-60491-4@dCNY45.00 | |
| 100 | @a20190123d2018 em y0chiy50 ea | |
| 101 | 0 | @achi |
| 102 | @aCN@b110000 | |
| 105 | @aak a 000yy | |
| 106 | @ar | |
| 200 | 1 | @a工程图学基础教程@Agong cheng tu xue ji chu jiao cheng@d= Basic course of engineering graphics@f主编邱龙辉, 叶琳@Fzhu bian qiu long hui , ye lin@zeng |
| 205 | @a第4版 | |
| 210 | @a北京@c机械工业出版社@d2018.09 | |
| 215 | @a258页@c图@d26cm | |
| 300 | @a双色印刷 山东省首批精品课程 山东省优秀教材 | |
| 320 | @a有书目 (第258页) | |
| 330 | @a本书采用现行国家标准, 主要内容包括: 工程制图基本知识, 点、直线、平面的投影, 基本体的投影及表面交线, 组合体与轴测图, 机件常用表达方法, 螺纹、常用标准件和齿轮, 零件图和装配图。 | |
| 333 | @a普通高等教育“十三五”规划教材 新形态信息化教材 | |
| 510 | 1 | @aBasic course of engineering graphics@zeng |
| 586 | @a | |
| 606 | 0 | @a工程制图@Agong cheng zhi tu@x高等教育@j教材 |
| 690 | @aTB23@v5 | |
| 701 | 0 | @a邱龙辉@Aqiu long hui@4主编 |
| 701 | 0 | @a叶琳@Aye lin@4主编 |
| 801 | 0 | @aCN@c20190123 |
| 905 | @a河南城建学院图书馆@dTB23@eQ722=4@f2 | |
| 工程图学基础教程= Basic course of engineering graphics/主编邱龙辉, 叶琳.-第4版.-北京:机械工业出版社,2018.09 |
| 258页:图;26cm |
| 双色印刷 山东省首批精品课程 山东省优秀教材.-使用对象:普通高等教育“十三五”规划教材 新形态信息化教材 |
| ISBN 978-7-111-60491-4:CNY45.00 |
| 本书采用现行国家标准, 主要内容包括: 工程制图基本知识, 点、直线、平面的投影, 基本体的投影及表面交线, 组合体与轴测图, 机件常用表达方法, 螺纹、常用标准件和齿轮, 零件图和装配图。 |
| ● |
| 相关链接 |
|
|
|
正题名:工程图学基础教程
索取号:TB23/Q722=4
 
预约/预借
| 序号 | 登录号 | 条形码 | 馆藏地/架位号 | 状态 | 备注 |
| 1 | 1410349 | 214103496 | 自科库501/501自科库 6排2列1层/ [索取号:TB23/Q722=4] | 在馆 | |
| 2 | 1410350 | 214103502 | 自科库501/501自科库 6排2列1层/ [索取号:TB23/Q722=4] | 在馆 |